ENT (Запис № 447012)

МАРК-запис
000 -LEADER
fixed length control field 03107nam a22005415i 4500
001 - CONTROL NUMBER
control field 978-3-319-56330-5
003 - CONTROL NUMBER IDENTIFIER
control field DE-He213
005 - DATE AND TIME OF LATEST TRANSACTION
control field 20210118125530.0
007 - PHYSICAL DESCRIPTION FIXED FIELD--GENERAL INFORMATION
fixed length control field cr nn 008mamaa
008 - FIXED-LENGTH DATA ELEMENTS--GENERAL INFORMATION
fixed length control field 170720s2017 gw | s |||| 0|eng d
020 ## - INTERNATIONAL STANDARD BOOK NUMBER
International Standard Book Number 9783319563305
-- 978-3-319-56330-5
024 7# - OTHER STANDARD IDENTIFIER
Standard number or code 10.1007/978-3-319-56330-5
Source of number or code doi
050 #4 - LIBRARY OF CONGRESS CALL NUMBER
Classification number RF51-52
072 #7 - SUBJECT CATEGORY CODE
Subject category code MN
Source bicssc
072 #7 - SUBJECT CATEGORY CODE
Subject category code MED085000
Source bisacsh
072 #7 - SUBJECT CATEGORY CODE
Subject category code MN
Source thema
072 #7 - SUBJECT CATEGORY CODE
Subject category code MJP
Source thema
082 04 - DEWEY DECIMAL CLASSIFICATION NUMBER
Classification number 617.5
Edition number 23
100 1# - MAIN ENTRY--PERSONAL NAME
Personal name Koltsidopoulos, Petros.
Relator term author.
Relator code aut
-- http://id.loc.gov/vocabulary/relators/aut
245 10 - TITLE STATEMENT
Title ENT
Medium [electronic resource] :
Remainder of title Core Knowledge /
Statement of responsibility, etc by Petros Koltsidopoulos, Charalampos Skoulakis, Stilianos Kountakis.
250 ## - EDITION STATEMENT
Edition statement 1st ed. 2017.
264 #1 -
-- Cham :
-- Springer International Publishing :
-- Imprint: Springer,
-- 2017.
300 ## - PHYSICAL DESCRIPTION
Extent XIV, 316 p. 25 illus., 23 illus. in color.
Other physical details online resource.
336 ## -
-- text
-- txt
-- rdacontent
337 ## -
-- computer
-- c
-- rdamedia
338 ## -
-- online resource
-- cr
-- rdacarrier
347 ## -
-- text file
-- PDF
-- rda
505 0# - FORMATTED CONTENTS NOTE
Formatted contents note Ear -- Nose -- Larynx -- Salivary glands -- Neck -- Carcinomas -- Oesophagus -- Pharynx -- Oral cavity -- Thyroid gland -- Parathyroid glands.
520 ## - SUMMARY, ETC.
Summary, etc This concise book summarises the basic knowledge required to be an otolaryngologist. It covers the 300 main ear, nose and throat diseases, summarizing the main symptoms of each disease, the required diagnostic process and the therapeutic approach. This compact presentation of knowledge is very useful and practical. The reader can quickly access essential information on the majority of the ENT diseases. ENT: Core Knowledge is ideal for ENT residents who are preparing for Board exams, for specialists who want to refresh and update their knowledge, and for general practitioners with a special interest in ENT. .
506 ## - RESTRICTIONS ON ACCESS NOTE
Terms governing access Available to subscribing member institutions only. Доступно лише організаціям членам підписки.
506 ## - RESTRICTIONS ON ACCESS NOTE
Standardized terminology for access restriction Online access from local network of NaUOA.
506 ## - RESTRICTIONS ON ACCESS NOTE
Standardized terminology for access restriction Online access with authorization at https://link.springer.com/
506 ## - RESTRICTIONS ON ACCESS NOTE
Standardized terminology for access restriction Онлайн-доступ з локальної мережі НаУОА.
506 ## - RESTRICTIONS ON ACCESS NOTE
Standardized terminology for access restriction Онлайн доступ з авторизацією на https://link.springer.com/
650 #0 - SUBJECT ADDED ENTRY--TOPICAL TERM
Topical term or geographic name as entry element Otolaryngologic surgery.
650 14 - SUBJECT ADDED ENTRY--TOPICAL TERM
Topical term or geographic name as entry element Head and Neck Surgery.
-- http://scigraph.springernature.com/things/product-market-codes/H46015
700 1# - ADDED ENTRY--PERSONAL NAME
Personal name Skoulakis, Charalampos.
Relator term author.
Relator code aut
-- http://id.loc.gov/vocabulary/relators/aut
700 1# - ADDED ENTRY--PERSONAL NAME
Personal name Kountakis, Stilianos.
Relator term author.
Relator code aut
-- http://id.loc.gov/vocabulary/relators/aut
710 2# - ADDED ENTRY--CORPORATE NAME
Corporate name or jurisdiction name as entry element SpringerLink (Online service)
773 0# - HOST ITEM ENTRY
Title Springer eBooks
776 08 - ADDITIONAL PHYSICAL FORM ENTRY
Display text Printed edition:
International Standard Book Number 9783319563299
776 08 - ADDITIONAL PHYSICAL FORM ENTRY
Display text Printed edition:
International Standard Book Number 9783319563312
856 40 - ELECTRONIC LOCATION AND ACCESS
Uniform Resource Identifier <a href="https://doi.org/10.1007/978-3-319-56330-5">https://doi.org/10.1007/978-3-319-56330-5</a>
912 ## -
-- ZDB-2-SME
942 ## - ADDED ENTRY ELEMENTS (KOHA)
Koha item type ЕКнига

Немає доступних примірників.